000 00768nam a2200253Ia 4500
003 OSt
005 20220925230224.0
006 a|||||r|||| 00| 0
007 ta
008 220923b |||||||| |||| 00| 0 eng d
020 _a0816620865
037 _cGeneral Book
040 _aRTL
_cRTL
_beng
041 _2eng
_aeng
082 _aX:3M24xM18:g(X:9), N4
100 _aHardt Michael
_9142680
245 0 _aLabor of dionysus
_b A critique of the state-form.
260 _aLondon
_bUniversity of Minnesota Press
_c1994
300 _aix;348p
_ccm.
490 _aTheory Out of Bounds, Vol.4
700 _a Negri Antonio
_913107
942 _hX:3M24xM18:g(X:9), N4
_cGB
_2CC
999 _c584957
_d584957